|
|
|
|
| LEADER |
00000nam0a2200000 4500 |
| 001 |
5120 |
| 005 |
20231030175345.0 |
| 010 |
|
|
|a 3458332782
|
| 035 |
|
|
|a (RuTPU)RU\TPU\book\5147
|
| 035 |
|
|
|a BOOK00005196
|
| 090 |
|
|
|a 5120
|
| 100 |
|
|
|a 20011209d1993 m y0gery50 ba
|
| 101 |
0 |
|
|a ger
|
| 102 |
|
|
|a DE
|
| 105 |
|
|
|a y j 000zy
|
| 200 |
1 |
|
|a Spiegelbild des Lebens
|e Aufsatze zur Literatur
|f L. Borne
|
| 210 |
|
|
|a Frankfurt am Main
|c Suhrkamp
|d 1993
|
| 215 |
|
|
|a 232 p.
|
| 610 |
1 |
|
|a немецкая литература
|
| 610 |
1 |
|
|a учебные пособия
|
| 610 |
1 |
|
|a книги для чтения
|
| 686 |
|
|
|a Ш143.24-923.8
|v LBC/SL-A
|2 rubbk
|
| 700 |
|
1 |
|a Borne
|b L.
|g Ludwig
|
| 801 |
|
0 |
|a RU
|b 63413507
|c 20011209
|g PSBO
|
| 801 |
|
2 |
|a RU
|b 63413507
|c 20070313
|g PSBO
|
| 942 |
|
|
|c BK
|